000 00297nam a22001337a 4500
008 181023b xxu||||| |||| 00| 0 eng d
020 _a9780673997418
041 _aeng
080 _24th
_a371
100 _a46
101 _aEDU
245 _aResearch in Education
_cMillan,J,H
942 _2udc
_cBK
999 _c50643
_d50643